000 00306nam a22001457a 4500
008 231012b ||||| |||| 00| 0 eng d
020 _a0688061125
041 _aeng
080 _a521
082 _a521TUC
100 _a19
101 _aASTRO
245 _aTHE DARK MATTER
_cTUCKER.K
942 _2udc
_cBK
999 _c60435
_d60435